1676 1071 1590 1511 1071 1946 1996 1405 1789 1615 1619 1549 1156 1576 1352 1534 1035 1102 1741 1006 1295 1093 1566 1679 1608 1888 1631 1765 1108 1910 1213 1490 1049 1873 1206 1603 1831 1793 1195 1752 1765 1030 1076 1181 1136 1647 1535 1599 1729 1375 1351 1436 1675 1579 1700 1673 1970 1859 1498 1230 1131 1985 1013 1251 1055 1677 1604 1587 1341 1148 1496 1504 1524 1510 1403 1658 1618 1200 1226 1373 1077 1687 1163 1961 1440 1545 1931 1400 1413 1478 1652 1349 1778 1900 1001 1285 1323 1761 1246 BCNSPRNW ULIB Ver.6.0+V

เปลี่ยนเป็นภาษาไทย

Change to English
 แสดงรายละเอียดบรรณานุกรม
  กลับหน้าหลัก

Brief Record : Get Marc (ISO 2709) : E-mail record : QR code < ปิดหน้าต่าง
LEADER : 00000nam 2200000uu 4500
001    13399128930
003     ULIB
008    241030s2023||||th 000 0 tha d
020    ^a9780323776714
060 04 ^aWY157.3^bM425P
245 00 ^aMaternal child nursing care /^cShannon E. Perry ... [etal.]
250    ^a7th ed.
260    ^aMaryland Heights :^bMosby Elsevier,^c2023
300    ^axxv, 1597 p. :^bill. ;^c28 cm.
650  2 ^aMaternal-Child Nursing
650  2 ^aPediatric Nursing
700 1  ^aPerry, Shannon E.
945    ^p2006^l0^i011180
999    ^aประนอม เกษจรัล
รายการนี้ยังไม่มีแท็ก
คุณยังไม่ได้ล็อกอิน คุณสามารถมีกิจกรรมร่วมกับเว็บไซต์ได้ แต่ต้องล็อกอินก่อน ::
  ล็อกอิน

รายการสื่อสารสนเทศ

ลำดับที่ ประเภท เลขเรียก/บาร์โค้ด สถานที่ สถานะ
1. Book การพยาบาล
หนังสือสำรอง
สถานะ=หนังสือสำรอง
WY157.3 M425P ฉ.1 
  Barcode: 011180
ห้องสมุดวิทยาเขตสวรรค์ประชารักษ์
►หนังสือทั่วไป
บนชั้น

รายการใกล้เคียง
    หัวเรื่อง [Maternal-Child Nursing]
    หัวเรื่อง [Pediatric Nursing]

BibComment


ยังไม่เคยถูกคอมเมนท์

คอมเมนท์ทรัพยากรรายการนี้
  คอมเมนท์: Maternal child n..


 Copyright 2026. Bcnsprnw @Library